000 00584nam a2200217Ia 4500
003 OSt
005 20220926042339.0
006 a|||||r|||| 00| 0
007 ta
008 220923b |||||||| |||| 00| 0 eng d
037 _cGeneral Book
040 _aRTL
_cRTL
_beng
041 _2eng
_aeng
082 _aXA, F8
100 _aSchreiner George Abel
_9346111
245 0 _aIron ration
_b the economic and social effects of t
260 _c1928
650 _aWar Economics
_9233725
942 _hXA, F8
_cGB
_2CC
999 _c669462
_d669462